Loading...
| History - American | 0 | 8 | 0 | 2 | 80 | 50 | 83.00 | 0 | 3 | 0.00 | 0.00 |
| History - European | 0 | 4 | 1 | 0 | 35 | 29 | 61.75 | 1 | 2 | 0.00 | 0.00 |
| History - World | 0 | 4 | 1 | 0 | 35 | 25 | 67.75 | 1 | 3 | 0.00 | 0.00 |
| Social Science | 0 | 3 | 0 | 0 | 30 | 24 | 56.00 | 1 | 2 | 0.00 | 0.00 |
| History - Other | 0 | 3 | 0 | 0 | 30 | 77 | 103.00 | 0 | 0 | 0.00 | 0.00 |
| Literature - American | 0 | 2 | 0 | 1 | 20 | 39 | 73.00 | 0 | 1 | 6.74 | 15.03 |
| Literature - World | 0 | 1 | 0 | 0 | 10 | 72 | 72.00 | 1 | 1 | 16.60 | 23.36 |
| Geography | 0 | 1 | 0 | 0 | 10 | 41 | 41.00 | 0 | 1 | 5.26 | 14.29 |
| Other Academic | 0 | 1 | 0 | 0 | 10 | 112 | 112.00 | 0 | 0 | 0.00 | 0.00 |
| Popular Culture | 0 | 1 | 0 | 0 | 10 | 81 | 81.00 | 0 | 0 | 0.00 | 0.00 |
| Religion | 0 | 2 | 2 | 0 | 10 | 70 | 85.50 | 1 | 1 | 1.96 | 5.95 |
| Current Events | 0 | 1 | 1 | 0 | 5 | 24 | 24.00 | 1 | 1 | 0.00 | 0.00 |
| Mythology | 0 | 0 | 1 | 0 | -5 | 0.00 | 0 | 0 | 6.06 | 13.54 | |
| Philosophy | 0 | 0 | 1 | 0 | -5 | 0.00 | 0 | 0 | 4.53 | 12.50 |